000 00419nam a2200169 4500
003 LK-CoMWRAF
005 20230906224323.0
008 230906b1971 |||||||| |||| 00| 0 eng d
040 _aLK-CoMWRAF
_dLK-CoMWRAF
_eLK-CoMWRAF
041 _aeng
082 _a428
_bRID
100 _aRidout, C. J.
245 _aThe Path to English
260 _aIndia :
_bBlackie & Son,
_c1971
650 _aEnglish Language
942 _cBK
999 _c3444
_d3444